000 00836nam a2200265Ia 4500
003 OSt
005 20220918171017.0
006 a|||||r|||| 00| 0
007 ta
008 220917b |||||||| |||| 00| 0 eng d
020 _a9781137358561 (hbk)
_c5634.75
024 _a281,859
037 _b11425, 12/03/2014, Elite Publishers Distributors
_cTextual
040 _aARTS
_cARTS
_beng
041 _2eng
_aeng
082 _aR39N, Q4
100 _aKaplan Morton A.
_933094
245 0 _aTranscending postmodernism
260 _aNew York
_bPalgrave U.S.A
_c2014
300 _axiii, 247p.
_ccm.
650 _aPHILOSOPHY
700 _a hamati - Ataya Inanna
_933095
942 _hR39N, Q4
_cTEXL
_2CC
999 _c137250
_d137250